Reglamento de Futbol de salon (Registro nro. 11017)
[ vista simple ]
| 000 -CABECERA | |
|---|---|
| Longitud fija campo de control | 00790nam a2200241 a 4500 |
| 003 - • IDENTIFICADOR DELl NÚMERO DE CONTROL | |
| Identificador del número de control | CO-ViMGA |
| 008 - • CÓDIGOS DE INFORMACIÓN DE LONGITUD FIJA | |
| Códigos de información de longitud fija | 141112s2004 ck r 000 u spa d |
| 020 ## - • NÚMERO INTERNACIONAL NORMALIZADO PARA LIBROS | |
| Número Internacional Normalizado para Libros (ISBN) | 9583000264 |
| 040 ## - FUENTE DE LA CATALOGACIÓN | |
| Centro catalogador de origen | CO-ViMGA |
| Lengua de catalogación | spa |
| Centro transcriptor | CO-ViMGA |
| 082 04 - • NÚMERO DE LA CLASIFICACIÓN DECIMAL DEWEY | |
| Número de clasificación (R) | R796.3348 P373 |
| 100 1# - • PUNTO DE ACCESO PRINCIPAL-NOMBRE DE PERSONA | |
| Nombre de persona | Perea R., Tucidides |
| 245 10 - • TITULO PROPIAMENTE DICHO | |
| Título | Reglamento de Futbol de salon |
| 250 ## - • MENCIÓN DE EDICIÓN | |
| Mención de edición | 3 |
| 300 ## - • DESCRIPCIÓN FÍSICA | |
| Extensión | 184p. : ils |
| 500 ## - • NOTA GENERAL | |
| Nota general | Tomado del reglamento aprobado en en congreso de Argentina, 1994 y promulgado en el congreso de España, 1995. |
| 590 ## - NOTAS LOCALES | |
| Nota local | Forma de adquisición : Compra |
| 650 14 - • PUNTO DE ACCESO ADICIONAL DE MATERIA - TÉRMINO DE MATERIA | |
| Término de materia o nombre geográfico como elemento inicial | FUTBOL DE SALON |
| 650 14 - • PUNTO DE ACCESO ADICIONAL DE MATERIA - TÉRMINO DE MATERIA | |
| Término de materia o nombre geográfico como elemento inicial | MICROFUTBOL - ESTRATEGIAS Y TECNICAS |
| 650 14 - • PUNTO DE ACCESO ADICIONAL DE MATERIA - TÉRMINO DE MATERIA | |
| Término de materia o nombre geográfico como elemento inicial | MICROFUTBOL - REGLAMENTOS |
| 942 ## - ENTRADA DE ELEMENTOS AGREGADOS (KOHA) | |
| Fuente de clasificaión o esquema | Dewey Decimal Classification |
| Koha [por defecto] tipo de item | LIbro |
| Perdido | Fuente de clasificación o esquema | Estado Físico | No para préstamo | Forma de adquisición | Localización permanente | Localización actual | Fecha adquisición | Serie de enumeración / cronolog&íacute;a | Préstamos totales | Signatura completa | Código de barras | Fecha última consulta | Número de copia | Fecha del precio de reemplazo | Tipo de item de Koha |
|---|---|---|---|---|---|---|---|---|---|---|---|---|---|---|---|
| Dewey Decimal Classification | Sala General | Biblioteca Barrio Emporio - Villavicencio | Biblioteca Barrio Emporio - Villavicencio | 12/04/2015 | 10/jul/2014 | 796.334 P27f | 3715 | 05/20/2017 | Ej. 1 | 12/04/2015 | LIbro | ||||
| Dewey Decimal Classification | Not For Loan | Sala General | Biblioteca Comunitaria - Villavicencio | Biblioteca Comunitaria - Villavicencio | 12/04/2015 | 10/jul/2014 | R 796.334 P27f | 4928 | 07/18/2017 | Ej. 1 | 12/04/2015 | LIbro | |||
| Dewey Decimal Classification | Not For Loan | Sala General | Biblioteca Comunitaria - Villavicencio | Biblioteca Comunitaria - Villavicencio | 12/04/2015 | 10/jul/2014 | R 796.334 P27f | 5378 | 08/03/2017 | Ej. 1 | 12/04/2015 | LIbro | |||
| Dewey Decimal Classification | Not For Loan | Sala General | Biblioteca Comunitaria - Villavicencio | Biblioteca Comunitaria - Villavicencio | 12/04/2015 | 10/jul/2014 | R 796.334 P27f | 5383 | 08/03/2017 | Ej. 1 | 12/04/2015 | LIbro | |||
| Dewey Decimal Classification | Sala General Segundo Piso | Biblioteca Pública Germán Arciniegas - Villavicencio | Biblioteca Pública Germán Arciniegas - Villavicencio | 12/04/2015 | 10/jul/2014 | 796.334 P27f | 26833 | 08/15/2018 | Ej. 1 | 12/04/2015 | LIbro |